000
00253nam a22001097a 4500
040
_c
nust
082
_a
628.212
_b
GUO
100
_a
James C.Y Guo
_9
122651
245
_a
Urban Drainage and storage Practices .
300
_a
416,p;
_c
25cm
942
_2
ddc
_c
BK
999
_c
609102
_d
609102